Manažment znalostí knižnice

Znalosť - pojem a obsah. Oblasti, na ktoré by sa mala knižnica orientovať v systéme znalostného manažmentu. Manažment znalostí - dôležitý faktor rozvoja knižnice.

Gespeichert in:
Bibliographische Detailangaben
1. Verfasser: Hvizdová, Eva, ml
Weitere Verfasser: Miklošík, Andrej
Format: Buchkapitel
Sprache:Slowakisch
Schlagworte:
Tags: Tag hinzufügen
Keine Tags, Fügen Sie das erste Tag hinzu!

MARC

LEADER 00000nla a2200000 4500
001 0163765
005 20240502083402.5
041 0 |a slo 
044 |a CZ 
245 1 0 |a Manažment znalostí knižnice  |c Eva Hvizdová ml., Andrej Miklošík 
520 |a Znalosť - pojem a obsah. Oblasti, na ktoré by sa mala knižnica orientovať v systéme znalostného manažmentu. Manažment znalostí - dôležitý faktor rozvoja knižnice. 
610 2 0 |a knižnice 
610 2 0 |a informácie 
610 2 0 |a vedomosti 
610 2 0 |a riadenie znalostí 
100 1 |a Hvizdová, Eva, ml. 
700 1 |a Miklošík, Andrej